00708nam a2200241 i 4500001000300000100002200003245003700025260003700062300004200099504001200141650001200153655001800165020001500183040000800198041000700206080002300213920001800236942000700254008004100261999001700302856009800319952004900417bg1 aPIKOŃ, Andrzej.10aAutoCAD 2000 /cAndrzej Pikoń. aGliwice :b"Helion",ccop. 1999. a1156 s. :bil. ;c24 cm +e2 CD-ROMY. aIndeks. 9aAutoCAD aPodręczniki a8371971354 cBPK0 apl a004.42:004.92](07) a83-7197-135-4 cKS s pl f |000 0 pol  c36306d36306 uhttp://koha.tu.koszalin.pl/cgi-bin/koha/opac-detail.pl?biblionumber=36306yKatalog online BPK 00104070aBPKbBPKcwo50244p01430332yKS